Segretari e presidenti del PCI - Statistics

Statistiche generali
  • Questo quiz è stato fatto 46 volte
  • Il punteggio medio è 4 su 9
Statistiche sulle risposte
con Immagini Hint Risposta % Corretto
1972-1984 Enrico Berlinguer
100%
1926-1927 Antonio Gramsci
93%
1927-1934, 1938-1964 Palmiro Togliatti
85%
1988-1991 Achille Occhetto
56%
1964-1972 Luigi Longo
29%
1984-1988 Alessandro Natta
24%
1938-1938 Giuseppe Berti
2%
1934-1938 Ruggero Grieco
2%
1990-1991 Aldo Tortorella
0%
Nessun quiz corrispondente trovato
Distribuzione punteggi
Percentuale di utenti per punteggio
Percentile per numero di risposta
I tuoi punteggi nel tempo
Non hai fatto questo quiz